000 01048nam a22003137a 4500
001 5279
003 FISKH
005 20241122133814.0
008 241122b cb ||||| |||| 00| 0 eng d
020 _a9780545234269
040 _aFISKH
_beng
_cFISKH
_dFISKH
050 _aPZ7.B82816
082 _a813.54
100 _aBruchac, Joseph
245 _aMarch Toward the Thunder /
_cby Joseph Bruchac
250 _aFirst Scholastic printing , December 2009
260 _aNew York :
_bScholastic ;
_c2008.
300 _a298 pages :
_billustrations ;
_c21 cm .
505 _aW
520 _aLouis Nollette, a fifteen-year-old Abenaki Indian, joins the Irish Brigade in 1864 to fight for the Union in the Civil War. Based on the author's great-grandfather; includes author's note.
521 8 _a850
_bLexile
521 8 _aW
_bRaz-Plus
650 _aCivil War
_vfiction
650 _aAbenaki
_vfiction
650 _aNorth American Indians
_vfiction
700 _aWeart, Kimi
_edesigner
942 _2ddc
_cBK
_n0
999 _c5279
_d5279